000 00778nam a2200253Ia 4500
003 OSt
005 20221006154156.0
006 a|||||r|||| 00| 0
007 ta
008 221006b |||||||| |||| 00| 0 eng d
020 _a9780824829827
_c
_60.00
024 _a34,621
037 _bGift, Japan Foundation
_cTextual
040 _aEASL
_cEASL
_beng
041 _2eng
_aeng
082 _aV42:191,(Z).N45, P8
100 _aBurkman Thomas W
_9666902
245 0 _aJapan and the league of nations
_b Empire and world order, 1914-1939
260 _aHonolulu
_bUniversity of Hawaii Press
_c2008
300 _a292p.
_ccm.
490 _v JEL
942 _hV42:191,(Z).N45, P8
_cTEXL
_2CC
999 _c1102707
_d1102707